Kịch Việt Bắc Tuyển tập

Zapisane w:
Opis bibliograficzny
Format: Książka
Język:Undetermined
Wydane: Hà Nội Việt Bắc 1974
Etykiety: Dodaj etykietę
Nie ma etykietki, Dołącz pierwszą etykiete!
Thư viện lưu trữ: Trung tâm Học liệu Trường Đại học Cần Thơ
LEADER 00392nam a2200145Ia 4500
001 CTU_32497
008 210402s9999 xx 000 0 und d
082 |a 895.9222 
082 |b K302/1974 
245 0 |a Kịch Việt Bắc 
245 0 |b Tuyển tập 
260 |a Hà Nội 
260 |b Việt Bắc 
260 |c 1974 
980 |a Trung tâm Học liệu Trường Đại học Cần Thơ